书目信息 |
| 题名: |
多源光学遥感数据归一化处理技术与方法
|
|
| 作者: | 仲波 著 | |
| 分册: | ||
| 出版信息: | 北京 科学出版社 2015 |
|
| 页数: | 217页 | |
| 开本: | 26cm | |
| 丛书名: | ||
| 单 册: | ||
| 中图分类: | TP722 | |
| 科图分类: | ||
| 主题词: | 光学遥感--Guang Xue Yao Gan--遥感数据--数据处理 | |
| 电子资源: | ||
| ISBN: | 978-7-03-045119-4 | |
| 000 | 01121nam0 22002411 450 | |
| 001 | 350941 | |
| 005 | 20161012083034.45 | |
| 010 | @a978-7-03-045119-4@dCNY148.00 | |
| 100 | @a20151112d2015 em y0chiy50 ea | |
| 101 | 0 | @achi |
| 102 | @aCN@b110000 | |
| 105 | @aa z 000yy | |
| 106 | @ar | |
| 200 | 1 | @a多源光学遥感数据归一化处理技术与方法@ADuo Yuan Guang Xue Yao Gan Shu Ju Gui Yi Hua Chu Li Ji Shu Yu Fang Fa@f仲波等著 |
| 210 | @a北京@c科学出版社@d2015 | |
| 215 | @a217页@c图@d26cm | |
| 304 | @a著者还有:柳钦火、单小军、穆西晗 | |
| 330 | @a本书主要从5个方面进行了论述:多源多尺度遥感数据几何归一化技术;多源遥感数据光谱归一化技术;多源多尺度遥感数据交叉辐射定标技术;多源多尺度遥感数据大气校正技术;多源多尺度遥感数据标准化技术。在以上技术的支撑下,通过系统研发集成,形成了多源多尺度遥感数据归一化处理系统,可用于全球及重点区域定量遥感产品生产并协助实现了基于时间序列中高分辨率遥感数据的土地覆盖分类技术等应用。 | |
| 606 | 0 | @a光学遥感@AGuang Xue Yao Gan@x遥感数据@x数据处理 |
| 690 | @aTP722@v5 | |
| 701 | 0 | @a仲波@AZhong Bo@c(遥感)@4著 |
| 801 | 0 | @aCN@bTANGWEI@c20160808 |
| 905 | @b0892479-82@dTP722@e46@f4 | |
| 多源光学遥感数据归一化处理技术与方法/仲波等著.-北京:科学出版社,2015 |
| 217页:图;26cm |
| ISBN 978-7-03-045119-4:CNY148.00 |
| 本书主要从5个方面进行了论述:多源多尺度遥感数据几何归一化技术;多源遥感数据光谱归一化技术;多源多尺度遥感数据交叉辐射定标技术;多源多尺度遥感数据大气校正技术;多源多尺度遥感数据标准化技术。在以上技术的支撑下,通过系统研发集成,形成了多源多尺度遥感数据归一化处理系统,可用于全球及重点区域定量遥感产品生产并协助实现了基于时间序列中高分辨率遥感数据的土地覆盖分类技术等应用。 |
| ● |
| 相关链接 |
|
|
|
|
正题名:多源光学遥感数据归一化处理技术与方法
索取号:TP722/46
 
预约/预借
| 序号 | 登录号 | 条形码 | 馆藏地/架位号 | 状态 | 备注 |
| 1 | 0892479 | 208924798 | 第二样本阅览室/ [索取号:TP722/46] | 在馆 | |
| 2 | 0892480 | 208924805 | 第三借阅区/ [索取号:TP722/46] | 在馆 | |
| 3 | 0892481 | 208924814 | 第三借阅区/ [索取号:TP722/46] | 在馆 | |
| 4 | 0892482 | 208924823 | 第三借阅区/ [索取号:TP722/46] | 在馆 |